Statistics for Roman Numeral Countdown

Click here to take the quiz!

General Stats

  • This quiz has been taken 590 times
  • The average score is 54 of 100

Answer Stats

#% Correct
C
97%
XC
68%
XCI
68%
XCII
68%
XCIII
68%
XCIV
68%
XCIX
68%
XCV
68%
XCVI
68%
XCVII
68%
XCVIII
68%
LXXX
65%
LXXXIX
65%
LXXXVIII
65%
LXXXI
64%
LXXXIII
64%
LXXXIV
64%
LXXXV
64%
LXXXVI
64%
LXXXVII
64%
LXXIX
63%
LXXXII
63%
LXXV
62%
LXXVI
62%
LXXVII
62%
LXXVIII
62%
LXX
61%
LXXIII
61%
LXXIV
61%
LXXI
60%
LXIX
59%
LXVIII
59%
LXXII
59%
LXV
58%
LXVI
58%
LXVII
58%
LX
57%
LXIV
56%
LIX
55%
LV
55%
LVI
55%
LVII
55%
LVIII
55%
LXI
55%
LXII
54%
LXIII
54%
LI
53%
L
52%
LII
52%
LIII
52%
LIV
52%
XLIX
51%
XXX
51%
XLVI
50%
XLVII
50%
XLVIII
50%
XXIX
50%
XXVIII
50%
XL
49%
XLI
49%
XLIV
49%
XLV
49%
XXVI
49%
XXVII
49%
XXXVIII
49%
I
48%
XLII
48%
XLIII
48%
XXXIX
48%
XXXVII
48%
XXXI
47%
XXXIV
47%
XXXV
47%
XXXVI
47%
II
46%
III
46%
VIII
46%
X
46%
XXXII
46%
XXXIII
46%
IX
45%
V
45%
VII
45%
XX
45%
XXV
45%
IV
44%
VI
44%
XIX
44%
XVI
44%
XVII
44%
XVIII
44%
XXI
44%
XXIII
43%
XXIV
43%
XI
42%
XII
42%
XIII
42%
XIV
42%
XV
42%
XXII
42%

Score Distribution

Percentile by Number Answered

Percent of People with Each Score

Your Score History

You have not taken this quiz